000
00315nam a22001337a 4500
008
171219b xxu||||| |||| 00| 0 eng d
020
_a
0153118849
041
_a
eng
080
_2
5TH
_a
37
100
_a
46
101
_a
EDU
245
_a
WARRINER'S ENGLISH GRAMMAR AND COMPOSITION
_c
WARRINER,J.E
942
_2
udc
_c
BK
999
_c
39160
_d
39160